000 02673cam a2200301 4500500
005 20260111113035.0
041 _afre
042 _adc
100 1 0 _aDotto, Sara
_eauthor
700 1 0 _aNoël, Florent
_eauthor
245 0 0 _aRester dans la course : développer l’employabilité durable grâce au job crafting
260 _c2025.
500 _a67
520 _aBased on a case study and mobilizing the concept of job crafting, this article intends to contribute to the literature on sustainable employability. We show that individuals can strategically adjust the tasks they perform (task crafting), modify their social interactions (relational crafting) and attribute meaning to what they do (cognitive crafting) to both regulate the intensity of their work in the short term and develop the skills and networks needed to achieve a rewarding career trajectory in the long term. Our discussion of the results puts into perspective the traditional opposition between internal and external employability, particularly when employees’ career paths involve moving from project to project. It also highlights the risks associated with giving individuals excessive responsibility for their own careers.
520 _aEn se fondant sur une étude de cas et en mobilisant le concept de job crafting, cet article entend contribuer à la littérature sur l’employabilité durable. Nous montrons que les individus peuvent stratégiquement ajuster les tâches qu’ils réalisent (task crafting), modifier leurs interactions sociales (relational crafting) et attribuer un sens à ce qu’ils font (cognitive crafting) pour à la fois réguler l’intensité de leur travail à court terme et développer les compétences et réseaux nécessaires à la réalisation d’une trajectoire professionnelle valorisante à long terme. La discussion des résultats permet de relativiser l’opposition classiquement établie entre employabilité interne et externe, notamment lorsque les trajectoires professionnelles invitent les salariés à se mouvoir de projet en projet. Elle permet également de revenir sur les risques liés à une responsabilisation excessive des individus à l’égard de la conduite de leur propre carrière.
690 _acarrières
690 _acompétence
690 _aemployabilité
690 _ajob crafting
690 _aréputation
690 _acareers
690 _acompetence
690 _aemployability
690 _ajob crafting
690 _areputation
786 0 _n@GRH | 57 | 4 | 2025-12-17 | p. 37-64 | 2034-9130
856 4 1 _uhttps://shs.cairn.info/revue-agrh1-2025-0-page-I1?lang=fr&redirect-ssocas=7080
999 _c1632410
_d1632410